000 00844nam a2200229Ia 4500
001 9541
003 GE_BSU
008 181216s||||||||xx |||||||||||||| ||und||
040 _cGE_BSU
080 _a821.353.1+821.353.1-31+821.353.1-92
100 _aმაღრაძე,ელგუჯა
245 _aორტომეული. ტ.2. გოდება,წერილები
245 _bნარკვევები დ.გურამიშვილზე
245 _cრედ.ნ.ინასარიძე.მხატვ.დ.დუნდუა
260 _aთბილისი
260 _bსაბჭოთა საქართველო
260 _c1983
300 _a761გვ.20სმ.
653 _aგოდება,წერილები
653 _aორტომეული
942 _cBK
999 _c42835
_d42835